<?xml version="1.0" encoding="UTF-8"?><?xml-stylesheet type="text/xsl" href="static/style.xsl"?><OAI-PMH xmlns="http://www.openarchives.org/OAI/2.0/" xmlns:xsi="http://www.w3.org/2001/XMLSchema-instance" xsi:schemaLocation="http://www.openarchives.org/OAI/2.0/ http://www.openarchives.org/OAI/2.0/OAI-PMH.xsd"><responseDate>2026-04-17T12:13:26Z</responseDate><request verb="GetRecord" identifier="oai:www.recercat.cat:10256/12286" metadataPrefix="marc">https://recercat.cat/oai/request</request><GetRecord><record><header><identifier>oai:recercat.cat:10256/12286</identifier><datestamp>2024-06-13T09:54:05Z</datestamp><setSpec>com_2072_453036</setSpec><setSpec>com_2072_2054</setSpec><setSpec>col_2072_453044</setSpec></header><metadata><record xmlns="http://www.loc.gov/MARC21/slim" xmlns:dcterms="http://purl.org/dc/terms/" xmlns:xsi="http://www.w3.org/2001/XMLSchema-instance" xmlns:doc="http://www.lyncode.com/xoai" xsi:schemaLocation="http://www.loc.gov/MARC21/slim http://www.loc.gov/standards/marcxml/schema/MARC21slim.xsd">
   <leader>00925njm 22002777a 4500</leader>
   <datafield ind2=" " ind1=" " tag="042">
      <subfield code="a">dc</subfield>
   </datafield>
   <datafield ind2=" " ind1=" " tag="720">
      <subfield code="a">Bellera Solà, Jaume</subfield>
      <subfield code="e">author</subfield>
   </datafield>
   <datafield ind2=" " ind1=" " tag="720">
      <subfield code="a">Albertín Carbó, Pilar</subfield>
      <subfield code="e">author</subfield>
   </datafield>
   <datafield ind2=" " ind1=" " tag="720">
      <subfield code="a">Bofill Ródenas, Anna M.</subfield>
      <subfield code="e">author</subfield>
   </datafield>
   <datafield ind2=" " ind1=" " tag="720">
      <subfield code="a">Bonmatí Tomàs, Anna</subfield>
      <subfield code="e">author</subfield>
   </datafield>
   <datafield ind2=" " ind1=" " tag="720">
      <subfield code="a">Heras Colàs, Raquel</subfield>
      <subfield code="e">author</subfield>
   </datafield>
   <datafield ind2=" " ind1=" " tag="720">
      <subfield code="a">Masgrau Juanola, Mariona</subfield>
      <subfield code="e">author</subfield>
   </datafield>
   <datafield ind2=" " ind1=" " tag="720">
      <subfield code="a">Soler Masó, Pere</subfield>
      <subfield code="e">author</subfield>
   </datafield>
   <datafield ind2=" " ind1=" " tag="260">
      <subfield code="c">2014</subfield>
   </datafield>
   <datafield ind2=" " ind1=" " tag="520">
      <subfield code="a">Comunicació presentada al 'V Congreso Nacional APS(U)5: El Aprendizaje-Servicio en las Universidades: de la iniciativa individual a la institucional', celebrat a Madrid, els dies 30 i 31 de maig de 2014</subfield>
   </datafield>
   <datafield ind2=" " ind1=" " tag="520">
      <subfield code="a">Presentamos un sistema de criterios que pueden guiar las experiencias universitarias que se proponen ser buenas prácticas de aprendizaje servicio (ApS) y su proceso de validación posterior a nivel estatal. La propuesta de criterios responde a la voluntad de proporcionar unos parámetros básicos que permitan ofrecer un marco de referencia para la promoción de buenas prácticas de ApS universitario; también pretende facilitar la distinción del ApS de otras propuestas englobadas en el aprendizaje comprometido con la comunidad, community engaged learning. Por último, quiere fortalecer la implantación de esta práctica docente e impulsar su calificación y distinción como práctica universitaria innovadora.&#xd;
Para ello, se ha tenido en cuenta la especificidad de esta metodología, y se ha concebido como un sistema global y multidimensional, que a su vez puede ser de gran valor para potenciar la función social de las universidades. Se han creado catorce criterios agrupados en cinco dimensiones: aprendizaje, servicio, universidad, valor pedagógico y valor social. El trabajo de validación se ha realizado a través de un cuestionario electrónico&#xd;
enviado a diferentes agentes implicados en prácticas de ApS en el conjunto de treinta y dos universidades españolas. Con la presentación de los principales resultados obtenidos en el proceso de validación de dichos criterios, se procura completar una tabla de criterios que responda al reto manifestado, apreciando las posibles limitaciones e interpretaciones que se sugieran</subfield>
   </datafield>
   <datafield ind1="8" ind2=" " tag="024">
      <subfield code="a">http://hdl.handle.net/10256/12286</subfield>
   </datafield>
   <datafield tag="653" ind2=" " ind1=" ">
      <subfield code="a">Ensenyament universitari -- Innovacions -- Congressos</subfield>
   </datafield>
   <datafield tag="653" ind2=" " ind1=" ">
      <subfield code="a">Education, Higher -- Innovations -- Congresses</subfield>
   </datafield>
   <datafield tag="653" ind2=" " ind1=" ">
      <subfield code="a">Aprenentatge servei -- Congressos</subfield>
   </datafield>
   <datafield tag="653" ind2=" " ind1=" ">
      <subfield code="a">Service learning -- Congresses</subfield>
   </datafield>
   <datafield tag="653" ind2=" " ind1=" ">
      <subfield code="a">Participació social -- Congressos</subfield>
   </datafield>
   <datafield tag="653" ind2=" " ind1=" ">
      <subfield code="a">Social participation -- Congresses</subfield>
   </datafield>
   <datafield ind2="0" ind1="0" tag="245">
      <subfield code="a">Criterios para configurar y valorar las experiencias universitarias de aprendizaje servicio</subfield>
   </datafield>
</record></metadata></record></GetRecord></OAI-PMH>